000 00333nam a2200133Ia 4500
008 220216s9999 xx 000 0 und d
100 _aVenugopal P
245 0 _aFuture of NR: High prices, tough challenges
260 _bRubber Asia
_c2010
300 _a58-64,73
500 _aSource Year: 2010
650 _aNR price
942 _cJS
999 _c59701
_d59701